Sports Quiz

Random Sports or Baseball Quiz
Score 0/57 Timer 10:00
0 Plays Today
Player % Correct
Mike Trout
92.3%
Mike Trout
92.2%
Mike Trout
92.2%
Mike Trout
92.2%
Mike Trout
92.2%
Alex Bregman
82.9%
Alex Bregman
82.9%
Alex Bregman
82.8%
Alex Bregman
82.8%
Alex Bregman
82.8%
Alex Bregman
82.8%
Alex Bregman
82.8%
Mookie Betts
80.4%
Mookie Betts
80.3%
Mookie Betts
80.3%
Mookie Betts
80.3%
Nelson Cruz
73.3%
Nelson Cruz
73.3%
Nelson Cruz
73.3%
Nelson Cruz
73.3%
Nelson Cruz
73.3%
DJ LeMahieu
72.9%
George Springer
72.9%
George Springer
72.9%
George Springer
72.9%
J.D Martinez
69.9%
Jorge Soler
65.2%
Jorge Soler
65.2%
Jorge Soler
65.2%
Player % Correct
Tim Anderson
64.9%
Francisco Lindor
61.8%
Rafael Devers
61.5%
Rafael Devers
61.5%
Rafael Devers
61.5%
Rafael Devers
61.5%
Xander Bogaerts
60.8%
Xander Bogaerts
60.8%
Xander Bogaerts
60.8%
Jose Abreu
57.5%
Michael Brantley
54.3%
Michael Brantley
54.3%
Whit Merrifield
51.5%
Carlos Santana
42.5%
Carlos Santana
42.5%
Marcus Semien
40.1%
Marcus Semien
40.1%
Jorge Polanco
39.7%
Mallex Smith
39.7%
Yuli Gurriel
37.8%
Adalberto Mondesi
35.8%
Yoan Moncada
34.4%
Tommy Pham
29.1%
Elvis Andrus
28.4%
Andrew Benintendi
26.7%
Jonathan Villar
26.6%
Jonathan Villar
26.6%
Daniel Vogelbach
15.7%
Remove Ads.
Support Sporcle.
Get the best of Sporcle when you Go Orange. This ad-free experience offers more features, more stats, and more fun while also helping to support Sporcle. Thank you for becoming a member.

You're not logged in!

Compare scores with friends on all Sporcle quizzes.
OR
Log In

Show Comments

Extras

Top Quizzes Today


Score Distribution

Your Account Isn't Verified!

In order to create a playlist on Sporcle, you need to verify the email address you used during registration. Go to your Sporcle Settings to finish the process.

Report this User

Report this user for behavior that violates our Community Guidelines.

Details: